| 000 | 00438nam a2200145 a 4500 | ||
|---|---|---|---|
| 001 | 000025844 | ||
| 005 | 20200930024107.0 | ||
| 008 | 110223s1991 dr ab 000 0 spa d | ||
| 040 |
_aDO-SdBNP _bspa _cBNPHU |
||
| 245 | 0 | 0 |
_aConstrucción de viviendas con bambú : _bguía técnica /. |
| 260 |
_aSanto Domingo : _bEditoral enda-caribe, _c1991. _bil., map. |
||
| 300 |
_a47 p. ; _c21 cm. |
||
| 504 | _aBibliografía : p. 45-47 | ||
| 049 | _aBNPD | ||
| 999 |
_c25336 _d25336 |
||